| Tag |
First Indicator |
Second Indicator |
Subfields |
| LEADER |
00000cam a2200000 a 4500 |
| 001 |
in00000088620 |
| 005 |
20151008065148.0 |
| 008 |
761109s1976 enkabf b 00110 engm |
| 010 |
|
|
|a 76379232
|
| 015 |
|
|
|a GB76-15030
|
| 020 |
|
|
|a 0571097332 :
|c 8.50
|
| 035 |
|
|
|a (OCoLC)02614113
|
| 035 |
|
|
|9 AAK5463AM
|
| 040 |
|
|
|a DLC
|c DLC
|d m.c.
|d TXA
|d UtOrBLW
|
| 043 |
|
|
|a e-uk-en
|
| 049 |
|
|
|a TXAM
|c [387984]
|
| 050 |
0 |
0 |
|a DA690.Y6
|b N89
|
| 082 |
0 |
|
|a 720/.9428/43
|
| 090 |
|
|
|a DA690.Y6
|b N89 1976a
|
| 100 |
1 |
|
|a Nuttgens, Patrick.
|
| 245 |
1 |
0 |
|a York :
|b the continuing city /
|c Patrick Nuttgens.
|
| 264 |
|
1 |
|a London :
|b Faber and Faber,
|c 1976.
|
| 300 |
|
|
|a 3-130 pages, 22 unnumbered pages of plates :
|b illustrations, color maps ;
|c 26 cm.
|
| 336 |
|
|
|a text
|b txt
|2 rdacontent
|
| 337 |
|
|
|a unmediated
|b n
|2 rdamedia
|
| 338 |
|
|
|a volume
|b nc
|2 rdacarrier
|
| 500 |
|
|
|a Includes index.
|
| 504 |
|
|
|a Bibliography: pages 117-119.
|
| 651 |
|
0 |
|a York (England)
|x Description and travel.
|
| 651 |
|
0 |
|a York (England)
|x History.
|
| 999 |
|
|
|a MARS
|
| 999 |
f |
f |
|s 42ab80ce-ebeb-34bf-8f9b-c2ebf471c299
|i 767f5517-2047-3e82-9551-2cf8553b239e
|t 0
|
| 952 |
f |
f |
|p ric
|a Texas A&M University
|b Rellis Campus
|c Joint Library Facility
|d Remote Storage
|t 0
|e DA690.Y6 N89 1976a
|h Library of Congress classification
|i unmediated -- volume
|m A14806096917
|
| 998 |
f |
f |
|a DA690.Y6 N89 1976a
|t 0
|l Remote Storage
|